书目信息 |
| 题名: |
环境法基本问题新探
|
|
| 作者: | 王灿发 著 | |
| 分册: | ||
| 出版信息: | 北京 中国环境科学出版社 1995.10 |
|
| 页数: | 256页 | |
| 开本: | 32开 | |
| 丛书名: | ||
| 单 册: | ||
| 中图分类: | D912.6 | |
| 科图分类: | ||
| 主题词: | 法学--部门 | |
| 电子资源: | ||
| ISBN: | 7-80093-816-6 | |
| 000 | 00557nam0 2200193 45 | |
| 001 | 0007150353 | |
| 005 | 20001125161546.0 | |
| 010 | @a7-80093-816-6@d10.00元 | |
| 100 | @a20000715d1995 km y0chiy0120 ea | |
| 101 | 0 | @achi |
| 105 | @a z 000yy | |
| 200 | 1 | @a环境法基本问题新探@AHuan Jing Fa Ji Ben Wen Ti XinTan@f王灿发著@FWang Can Fa Zhu |
| 210 | @a北京@c中国环境科学出版社@d1995.10 | |
| 215 | @a256页@d32开 | |
| 606 | 0 | @a法学@x部门 |
| 690 | @aD912.6@v3 | |
| 701 | 0 | @a王灿发@4著 |
| 801 | @aCN@bPftUser@c20000715 | |
| 905 | @dD912.6@eW236@b504564-568@f5 | |
| 环境法基本问题新探/王灿发著.-北京:中国环境科学出版社,1995.10 |
| 256页;32开 |
| ISBN 7-80093-816-6:10.00元 |
| ● |
| 相关链接 |
|
|
|
正题名:环境法基本问题新探
索取号:D912.6/W236
 
预约/预借
| 序号 | 登录号 | 条形码 | 馆藏地/架位号 | 状态 | 备注 |
| 1 | 504564 | 205045645 | 社科库509/509社科库 81排3列5层/ [索取号:D912.6/W236] | 在馆 | |
| 2 | 504565 | 205045654 | 社科库509/509社科库 81排3列5层/ [索取号:D912.6/W236] | 在馆 | |
| 3 | 504566 | 205045663 | 社科库509/509社科库 81排3列5层/ [索取号:D912.6/W236] | 在馆 | |
| 4 | 504567 | 205045672 | 社科库509/509社科库 81排3列5层/ [索取号:D912.6/W236] | 在馆 | |
| 5 | 504568 | 205045681 | 社科库509/509社科库 81排3列5层/ [索取号:D912.6/W236] | 在馆 |